000
00323nam a22001337a 4500
008
171213b xxu||||| |||| 00| 0 eng d
020
_a
9780071422802
041
_a
eng
080
_2
11 ED
_a
615
100
_a
5
101
_a
FAR
245
_a
THE PHARMACOLOGICAL BASIC OF THERAPEUTICS
_c
BRUNTON.L.L
942
_2
udc
_c
BK
999
_c
38878
_d
38878